000 00209nam a2200109Ia 4500
100 _aTHACKER/MANU.
942 _cBK
245 _aPAINTING OF ISHWAR DASS.
260 _b#N/A
546 _aENGLISH
999 _c27411
_d27411